00472nam a2200145Ia 4500008004100000041000800041082001200049100001600061245002100077260003500098300003100133365001100164999001700175952013400192240624s9999 xx 000 0 und d aeng a823 LON aLONDON JACK aCALL OF THE WILD c2011aNew DelhibHarperCollins avii, : 132 : p. : cm. ; 18 cRSb25 c18515d18515 00104070aIMTNbIMTNcRack 39-Bd2012-05-02eIBHg150.00l4o823 LONp18515r2026-01-17 16:37:13s2026-01-07t1w2024-06-24yBK